Statistics for Umbrella Academy Characters

Click here to take the quiz!

General Stats

  • This quiz has been taken 94 times
  • The average score is 7 of 7

Answer Stats

NumberCharacter% Correct
6Ben
99%
3Allison
98%
2Diego
98%
4Klaus
98%
1Luther
96%
7Vanya
96%
5Five
95%

Score Distribution

Percentile by Number Answered

Percent of People with Each Score

Your Score History

You have not taken this quiz